Calcul égal à 2 - Mort subite - Statistiques

Statistiques générales
  • Ce quiz a été pris 312 fois
  • Le résultat moyen est 9 sur 12
Answers on the Grid
Answers color-coded by a green-red scale on the quiz's grid according to % correct below.
2/2
4/2
1+1
10/5
1+0+1
100/50
1*1
2*1
2*0
90-80-8
(67-45)/11
42/21
2+0
42/20
6-2-1
7*7 - 8*6
4*0
(85-23)/30
3*6 - 4*4
30/15
12/7
69-66
 
Statistiques - réponses
Réponse % Correct
2+0
88%
4/2
87%
1+0+1
83%
1+1
82%
2*1
81%
100/50
79%
10/5
79%
30/15
78%
90-80-8
75%
42/21
68%
3*6 - 4*4
61%
(67-45)/11
48%
Aucun quiz correspondant
Distribution des résultats
% des personnes avec chaque résultat
Percentile par nombre de réponses
Votre historique - résultats
Vous n’avez pas pris ce quiz